Recueil des oraisons funebres prononcées par messire Esprit Fléchier, evêque de Nimes. (Record no. 154103)

MARC details
000 -LEADER
campo de control de longitud fija 00770nam a22002055i 4500
001 - NÚMERO DE CONTROL
campo de control 154103
003 - IDENTIFICADOR DE NÚMERO DE CONTROL
campo de control ES-MaACL
005 - FECHA Y HORA DE LA ÚLTIMA TRANSACCIÓN
campo de control 20230906205525.0
008 - DATOS DE LONGITUD FIJA--INFORMACIÓN GENERAL
campo de control de longitud fija 990201s1767 fr |||| | fre d
040 ## - FUENTE DE CATALOGACIÓN
Centro catalogador/agencia de origen AN
Lengua de catalogación spa
Centro/agencia transcriptor AN
100 0# - ENTRADA PRINCIPAL--NOMBRE DE PERSONA
Nombre de persona Fléchier, Esprit.
9 (RLIN) 51143
245 10 - MENCIÓN DEL TÍTULO
Título Recueil des oraisons funebres prononcées par messire Esprit Fléchier, evêque de Nimes.
250 ## - MENCION DE EDICION
Mención de edición Nouvelle edition, dans laquelle on à ajouté un précis de la vie de l'auteur.
260 ## - PUBLICACIÓN, DISTRIBUCIÓN, ETC.
Lugar de publicación, distribución, etc. A Paris :
Nombre del editor, distribuidor, etc. chez Jean Desaint, libraire ...,
Fecha de publicación, distribución, etc. 1767.
300 ## - DESCRIPCIÓN FÍSICA
Extensión [2], XIV, [2], 250 p. ;
Dimensiones 12º.
597 ## - NOTA DE DESCRIPCIÓN FÍSICA
NOTA DE DESCRIPCIÓN FÍSICA Sign.: [ ]2, a2, b6, A-K12, L5.
597 ## - NOTA DE DESCRIPCIÓN FÍSICA
NOTA DE DESCRIPCIÓN FÍSICA Port. con grab. xil.
650 #4 - PUNTO DE ACCESO ADICIONAL DE MATERIA--TÉRMINO DE MATERIA
Término de materia o nombre geográfico como elemento de entrada Oraciones fúnebres.
9 (RLIN) 136619
852 ## - LOCALIZACIÓN
Ubicación ES-MaACL
Número de control de estantería R-1503
Nota libre -- Enc. piel
Encuadernación Olim: G-13525
Holdings
Estatus retirado Estado de pérdida Estado de daño No para préstamo Colección Biblioteca de origen Biblioteca actual Ubicación en estantería Fecha de adquisición Fuente de adquisición Total de préstamos Signatura topográfica completa Código de barras Visto por última vez Precio de reemplazo Tipo de ítem Koha
        Libros del s. XVIII Biblioteca del Ateneo de Madrid Biblioteca del Ateneo de Madrid Depósito 17/01/2008     R-1503 1161135 23/02/2023 23/02/2023 Libro impreso antiguo